Communalism in Bengal : (Record no. 25724)
[ view plain ]
| 000 -LEADER | |
|---|---|
| fixed length control field | 01523pam a2200313 a 4500 |
| 001 - CONTROL NUMBER | |
| control field | 25724 |
| 003 - CONTROL NUMBER IDENTIFIER | |
| rucl marc code | BD-RjUL |
| 005 - DATE AND TIME OF LATEST TRANSACTION | |
| control field | 20211209050922.0 |
| 008 - FIXED-LENGTH DATA ELEMENTS--GENERAL INFORMATION | |
| fixed length control field | 140319s2005 cau b 001 0 eng |
| 020 ## - INTERNATIONAL STANDARD BOOK NUMBER | |
| International Standard Book Number | 0761933352 (hardback) |
| 035 ## - SYSTEM CONTROL NUMBER | |
| System control number | (BD-RjUL)25794 |
| 040 ## - CATALOGING SOURCE | |
| Original cataloging agency | DLC |
| Language of cataloging | eng |
| Transcribing agency | DLC |
| Modifying agency | DLC |
| -- | OrLoB-B |
| -- | ANL |
| -- | BD-RjUL |
| 041 ## - LANGUAGE CODE | |
| Language code of text/sound track or separate title | eng |
| 082 00 - DEWEY DECIMAL CLASSIFICATION NUMBER | |
| Classification number | 954.140359 |
| Edition number | 22 |
| Author mark and year | BAC 2005 |
| 100 1# - MAIN ENTRY--PERSONAL NAME | |
| Personal name | Batabyal, Rakesh, |
| Dates associated with a name | 1966- |
| 9 (RLIN) | 79019 |
| 245 10 - TITLE STATEMENT | |
| Title | Communalism in Bengal : |
| Remainder of title | from famine to Noakhali, 1943-47 / |
| Statement of responsibility, etc. | Rakesh Batabyal. |
| 260 ## - PUBLICATION, DISTRIBUTION, ETC. (IMPRINT) | |
| Place of publication, distribution, etc. | Thousand Oaks, Calif. : |
| Name of publisher, distributor, etc. | Sage Publications, |
| Date of publication, distribution, etc. | 2005. |
| 300 ## - PHYSICAL DESCRIPTION | |
| Pagination | 428 p. ; |
| Size | 24 cm. |
| 504 ## - BIBLIOGRAPHY, ETC. NOTE | |
| Bibliography, etc | Includes bibliographical references and index. |
| 505 0# - FORMATTED CONTENTS NOTE | |
| Formatted contents note | Introduction : communalism and historiography -- 1. Hunger and politics -- 2. Politics amidst hunger -- 3. Politics overtakes hunger -- 4. War is over : efforts at freedom -- 5. Violence reigns : the Calcutta riots -- 6. Violence everywhere : the Noakhali-Tippera riots -- 7. Looking for the origins : the Noakhali-Tippera riots -- 8. Battling with hatred : Gandhi in Noakhali -- 9. Conclusion. |
| 650 #0 - SUBJECT ADDED ENTRY--TOPICAL TERM | |
| Topical term or geographic name as entry element | Communalism |
| Geographic subdivision | India |
| -- | Bengal |
| General subdivision | History. |
| 9 (RLIN) | 79021 |
| Topical term or geographic name as entry element | Famines |
| General subdivision | Political aspects |
| Geographic subdivision | India |
| -- | Bengal. |
| 9 (RLIN) | 79022 |
| Topical term or geographic name as entry element | Riots |
| Geographic subdivision | Bangladesh |
| -- | No�akh�ali District |
| General subdivision | History. |
| 9 (RLIN) | 79023 |
| 856 41 - ELECTRONIC LOCATION AND ACCESS | |
| Materials specified | Table of contents |
| Uniform Resource Identifier | <a href="http://www.loc.gov/catdir/toc/ecip055/2004029996.html">http://www.loc.gov/catdir/toc/ecip055/2004029996.html</a> |
| 942 ## - ADDED ENTRY ELEMENTS (KOHA) | |
| Source of classification or shelving scheme | Dewey Decimal Classification |
| Koha item type | Books |
| Lost status | Source of classification or shelving scheme | Damaged status | Not for loan | Collection code | Permanent Location | Current Location | Shelving location | Date acquired | Source of acquisition | Cost, normal purchase price | Total Checkouts | Full call number | Date last seen | Date checked out | Copy number | Koha item type |
|---|---|---|---|---|---|---|---|---|---|---|---|---|---|---|---|---|
| Dewey Decimal Classification | Non-fiction | Central Library, University of Rajshahi | Central Library, University of Rajshahi | 04/12/2010 | Paragon Enterprise dacca | 750.00 | 1 | 954.140359 BAC 2005 | 23/09/2021 | 30/06/2021 | C-4 | Books | ||||
| Dewey Decimal Classification | Non-fiction | Central Library, University of Rajshahi | Central Library, University of Rajshahi | 28/07/2008 | Paragon Enterprises | 750.00 | 954.140359 BAC 2005 | 19/03/2014 | C-3 | Books | ||||||
| Dewey Decimal Classification | Not For Loan | Non-fiction | Central Library, University of Rajshahi | Central Library, University of Rajshahi | Reading Room | 28/07/2008 | Paragogn Enterprise, Dhaka | 750.00 | 954.140359 BAC 2005 | 08/02/2017 | C-1 | Books | ||||
| Dewey Decimal Classification | Non-fiction | Central Library, University of Rajshahi | Central Library, University of Rajshahi | 07/02/2008 | Paragogn Enterprise, Dhaka | 750.00 | 954.140359 BAC 2005 | 09/02/2017 | C-2 | Books |